000 01064cam a22003254a 4500
001 81546
005 20230410124008.0
008 040525s2004 nyua 000 0 eng
010 _a 2004050861
035 _a(OCoLC)ocm55517961
040 _aDLC
_cDLC
_dBAKER
_dBTCTA
_dYDXCP
_dXY4
_dIG#
020 _a0312333374
020 _a9780312333379
029 1 _aIG#
_b9780312333379
035 _a(OCoLC)55517961
082 0 0 _a378.3/8
_222
049 _aGRAL
050 1 4 _aLB 2342
_bG799p 2004
100 1 _aGreene, Howard.
245 1 0 _aPaying for college :
_bthe Greenes' guide to financing higher education /
_cHoward R. Greene and Matthew W. Greene.
250 _a1a ed.
260 _aNew York :
_bSt. Martin's Griffin,
_cc2004.
300 _a227 p. :
_bill. ;
_c24 cm.
650 0 _aPaying for college :
_bthe Greenes' guide to financing higher education.
650 4 _aPagando universidad :
_bel Greenes' guía a una educación más alta del financiamiento.
700 1 _aGreene, Matthew W.
942 _2lcc
_cbk
946 _aMF
994 _aC0
_bDRFGD
999 _c69287
_d69287